| 000 | 00686nam a2200205 i 4500 | ||
|---|---|---|---|
| 001 | 149311 | ||
| 003 | ES-MaACL | ||
| 005 | 20230906203035.0 | ||
| 007 | t| | ||
| 008 | 071019s1976 sp ||||1| spa d | ||
| 100 | 1 |
_aVeigel, Burkhart. _9113661 |
|
| 245 | 1 | 0 |
_aPrótesis de la articulación de la cadera / _cpor Burkhart Veigel y Merrit Renz-Bèaumer ; prólogo S. Weller ; versión española T. Amat Puértolas. |
| 250 | _a[1ª ed.]. | ||
| 260 |
_aBarcelona : _bToray, _c[1976] |
||
| 300 |
_a93 p. : _bil. ; _c22 cm. |
||
| 700 | 1 |
_aRenz-Bèaumer, Merrit. _9131714 |
|
| 700 | 1 |
_aWeller, S. _9116443 |
|
| 700 | 1 |
_aAmat Puértolas, T. _921143 |
|
| 852 |
_aES-MaACL _jA-6304 _bR.95195 |
||
| 999 |
_c149311 _d149311 |
||